000
00216nam a2200085Ia 4500
008
170617s9999 xx 000 0 und d
100
_a
Moore - Thomas
245
0
_a
Biochemistry and Palymer of plant haromones
260
_b
Springer
260
_c
2009
999
_c
15704
_d
15704